000 nam a22 7a 4500
999 _c9662
_d9662
008 180206b ||||| |||| 00| 0 eng d
100 _aPant,R.etal.
_95783
245 _aModern Trend In Communicative English-8
260 _aNew Delhi
_bAngel
_c2007